Statistics for Top 50 Wealthiest US Colleges & Universities

Click here to take the quiz!

General Stats

  • This quiz has been taken 127 times
  • The average score is 36 of 50

Answer Stats

RankInstitutionStateValue (billions)% Correct
1Harvard UniversityMA$39.43
99%
3Yale UniversityCT$30.31
99%
5Princeton UniversityNJ$26.12
98%
2University of Texas SystemTX$30.96
97%
7University of PennsylvaniaPA$14.65
96%
4Stanford UniversityCA$27.70
95%
27New York UniversityNY$4.35
91%
29Brown UniversityRI$3.98
90%
15University of ChicagoIL$8.26
90%
9University of MichiganMI$12.45
90%
6Massachusetts Institute of TechnologyMA$17.57
89%
24Dartmouth CollegeNH$5.72
88%
13Columbia UniversityNY$10.95
87%
10University of California, BerkeleyCA$11.80
87%
31University of North CarolinaNC$3.67
86%
37University of California, Los AngelesCA$2.75
85%
16Washington University in St. LouisMO$7.95
85%
14Duke UniversityNC$8.61
84%
35University of WashingtonWA$2.94
83%
19University of VirginiaVA$7.06
82%
32University of WisconsinWI$3.15
82%
42Indiana UniversityIN$2.48
79%
12Northwestern UniversityIL$11.10
79%
44University of IllinoisIL$2.35
79%
11University of Notre DameIN$11.29
78%
22Vanderbilt UniversityTN$6.27
78%
18Cornell UniversityNY$7.33
77%
23University of Southern CaliforniaCA$5.73
77%
21Johns Hopkins UniversityMD$6.28
75%
26Pennsylvania State UniversityPA$4.55
75%
30University of MinnesotaMN$3.95
75%
25Ohio State UniversityOH$5.26
74%
40Boston CollegeMA$2.52
72%
20Rice UniversityTX$6.48
72%
34California Institute of TechnologyCA$2.98
70%
33Michigan State UniversityMI$3.03
68%
17Emory UniversityGA$7.87
67%
8Texas A&M University SystemTX$13.51
67%
50Georgia Institute of TechnologyGA$2.17
64%
46Boston UniversityMA$2.30
63%
28University of PittsburghPA$4.31
61%
38Purdue UniversityIN$2.63
58%
39Carnegie Mellon UniversityPA$2.54
48%
43Amherst CollegeMA$2.47
41%
48University of RochesterNY$2.24
36%
45Pomona CollegeCA$2.32
32%
36Williams CollegeMA$2.89
32%
41University of RichmondVA$2.51
25%
49Wellesley CollegeMA$2.17
20%
47Rockefeller UniversityNY$2.29
7%

Score Distribution

Percentile by Number Answered

Percent of People with Each Score

Your Score History

You have not taken this quiz